000 01020nam a2200241Ia 4500
003 OSt
005 20210421144903.0
008 210310s1970 sp gr 001 0 spa d
040 _aCO-JMCR
_cCO-JMCR
041 0 _aspa
082 0 4 _a336.001 /
_bJ631e
_223
100 1 _aJohansen, LeIf,
_915178
_eautor
245 1 0 _aEconomía pública /
_cLeif Johansen
260 _aMadrid :
_b[sn],
_c1971
300 _bxxiii, 340 páginas ;
_c22 cm.
500 _aIncluye notas a pie de página e índice de materias.
505 0 _aIntroducción -- Objetivos instrumentos -- Análisis macroeconómico de problemas de política fiscal -- La deuda pública -- El presupuesto estatal y las cuentas del Estado -- La magnitud del consumo colectivo y la actividad pública -- Formas de imposición y sus efectos -- La economía de las autoridades locales
650 1 4 _aHacienda pública
_915180
650 2 4 _aBienes públicos
_96455
650 2 4 _aPolítica fiscal
_937026
650 2 4 _aAnálisis económico
_937027
942 _2ddc
_cBK
999 _c7694
_d7694